[Event "AUTO-ELITE-1430"]
[Site "http://www.queenalice.com/game.php?id=1332358"]
[Date "2015.1.2"]
[Round "1"]
[White "EddieK"]
[Black "cdepalma1"]
[Result "1-0"]
[WhiteElo "2282"]
[BlackElo "2304"]

1. e4 e5 2. Bc4 Nf6 3. d3 c6 4. Qe2 Bc5 5. Nf3 O-O 6. O-O d6 7. a3 b5 8. Ba2 a5
9. Be3 Nbd7 10. Nbd2 Qb6 11. h3 a4 12. Nh4 Bxe3 13. Qxe3 Qxe3 14. fxe3 g6 15.
Rf2 Kg7 16. Raf1 Bb7 17. g4 h6 18. Nhf3 1-0

[Event "AUTO-OPEN-3249"]
[Site "http://www.queenalice.com/game.php?id=1340118"]
[Date "2015.2.8"]
[Round "2"]
[White "cdepalma1"]
[Black "juim"]
[Result "1-0"]
[WhiteElo "2238"]
[BlackElo "1577"]

1. e4 d5 2. exd5 Qxd5 3. Nc3 Qd8 4. d4 Nf6 5. Nf3 Bg4 6. Qd3 Nh5 7. Qb5+ Nc6 8.
Ne5 Bd7 9. Nxc6 Bxc6 10. Qxh5 Qd6 11. Nb5 Bxb5 12. Qxb5+ Qc6 13. d5 Qxb5 14.
Bxb5+ Kd8 15. Be3 g6 16. O-O-O Bg7 17. c3 a6 18. Be2 Kc8 19. Rhe1 e6 20. dxe6
fxe6 21. Bg4 Re8 22. Bf4 Kb8 23. Rd7 Bf8 24. Rxe6 Rxe6 25. Bxe6 h6 26. Rxc7 Ka7
27. Be3+ Kb8 28. Rc8# 1-0

[Event "AUTO-OPEN-3249"]
[Site "http://www.queenalice.com/game.php?id=1340119"]
[Date "2015.2.8"]
[Round "2"]
[White "juim"]
[Black "cdepalma1"]
[Result "0-1"]
[WhiteElo "1581"]
[BlackElo "2237"]

1. e4 e5 2. d4 exd4 3. Qxd4 Nf6 4. e5 Nc6 5. Qd1 Qe7 6. Bf4 d6 7. Nf3 dxe5 8.
Bg5 Qb4+ 9. Nc3 Qxb2 10. Bd2 Bb4 11. Bb5 Bxc3 12. Bxc6+ bxc6 13. O-O Qxa1 14.
Qxa1 Bxa1 15. Rxa1 Ne4 16. Bb4 a5 17. Ba3 f6 18. h3 Be6 19. Nh4 Rb8 20. f3 Nc3
21. Kh2 g5 22. Bc5 Rb2 23. Ba3 Rxc2 24. Bc5 gxh4 25. a4 Rg8 26. Rg1 Rg3 27. Ba3
Rxh3# 0-1

[Event "AUTO-ELITE-1543"]
[Site "http://www.queenalice.com/game.php?id=1380440"]
[Date "2015.8.30"]
[Round "1"]
[White "cdepalma1"]
[Black "vivafischer"]
[Result "0-1"]
[WhiteElo "2227"]
[BlackElo "2256"]

1. e4 c5 2. Nf3 Nc6 3. d4 cxd4 4. Nxd4 g6 5. Nxc6 bxc6 6. Nc3 Bg7 7. Bc4 d6 8.
O-O Nf6 9. Qf3 O-O 10. Bb3 Qc7 11. Bf4 Nd7 12. Rfe1 Ba6 13. Qh3 Nc5 14. Bh6 Nxb3
15. axb3 Bc8 16. Qe3 Be6 17. Bxg7 Kxg7 18. Ra6 c5 0-1

[Event "AUTO-ELITE-1543"]
[Site "http://www.queenalice.com/game.php?id=1380441"]
[Date "2015.8.30"]
[Round "1"]
[White "vivafischer"]
[Black "cdepalma1"]
[Result "1-0"]
[WhiteElo "2244"]
[BlackElo "2239"]

1. d4 Nf6 2. c4 e6 3. Nc3 Bb4 4. Qc2 O-O 5. a3 Bxc3+ 6. Qxc3 Nc6 7. Nf3 d6 8. e3
Re8 9. Be2 e5 10. d5 Ne7 11. b4 Bf5 12. Nh4 Bd7 13. O-O b5 14. cxb5 Nexd5 15.
Qe1 Qb8 16. a4 a6 17. bxa6 Qxb4 18. Qxb4 Nxb4 19. Bd2 1-0

[Event "AUTO-ELITE-1543"]
[Site "http://www.queenalice.com/game.php?id=1380442"]
[Date "2015.8.30"]
[Round "1"]
[White "cdepalma1"]
[Black "Alsina"]
[Result "0-1"]
[WhiteElo "2213"]
[BlackElo "2533"]

1. d4 d5 2. c4 e6 3. Nf3 c5 4. dxc5 Bxc5 5. cxd5 Nf6 6. Qc2 Qb6 7. e3 exd5 8.
Nc3 O-O 9. Be2 Nc6 10. Na4 Bb4+ 11. Bd2 Qa5 12. Nc3 Bg4 13. a3 d4 14. Nxd4 Nxd4
15. exd4 Bxe2 16. Nxe2 Rac8 17. Bc3 Bxc3+ 18. bxc3 Nd5 19. O-O Nxc3 20. Nxc3
Rxc3 21. Qd2 b6 22. Rfe1 Rxa3 23. Qxa5 Rxa5 24. Rxa5 bxa5 25. g3 a4 26. Ra1 Ra8
27. Rxa4 a5 28. d5 f5 29. f4 Kf7 30. Kf2 Ke7 31. Ke3 Kd6 32. Kd4 Ra6 0-1

[Event "AUTO-ELITE-1543"]
[Site "http://www.queenalice.com/game.php?id=1380443"]
[Date "2015.8.30"]
[Round "1"]
[White "Alsina"]
[Black "cdepalma1"]
[Result "1-0"]
[WhiteElo "2531"]
[BlackElo "2216"]

1. e4 e5 2. Nf3 Nc6 3. d4 exd4 4. Nxd4 Nf6 5. Nc3 Bb4 6. Nxc6 bxc6 7. Bd3 O-O 8.
O-O d5 9. exd5 cxd5 10. Bg5 c6 11. Qf3 Rb8 12. Bxf6 Qxf6 13. Qxf6 gxf6 14. Ne2
Bd6 15. b3 Re8 16. Ng3 Re5 17. c4 Be6 18. cxd5 Rxd5 19. Rad1 Bb4 20. h3 Rbd8 21.
Bc2 c5 22. Rxd5 Rxd5 23. Rd1 Rxd1+ 24. Bxd1 c4 25. Bc2 Bc5 26. Kf1 cxb3 27. axb3
Kf8 28. Nf5 Bd5 29. h4 a5 30. h5 Bb4 31. Ne3 1-0